| 000 | 00876 a2200217 4500 | ||
|---|---|---|---|
| 001 | 36869 | ||
| 005 | 20260407155640.0 | ||
| 008 | 260407a1985 arg spa d | ||
| 003 | AR-UNSa-BCEJYS | ||
| 040 |
_aAR-UNSa-BCEJYS _bspa _cAR-UNSa-BCEJYS |
||
| 080 |
_a336.1 _xFinanzas Públicas. Finanzas del gobierno en general |
||
| 245 | 1 | 0 |
_aLas finanzas públicas argentinas _pperíodo 1950-80 |
| 020 | _a950-537-091-0 | ||
| 264 | 1 |
_aBuenos Aires : _bEdiciones Macchi _c1985 |
|
| 300 |
_axii, 222 p. _c22 cm. |
||
| 505 | _a1. Introducción - 2. Gasto Público - 3. Técnica presupuestaria - 4. "Deficit Fiscal" - 5. Principios de tributación - 6. Sistema tributario - 7. Incentivos tributarios - 8. Relaciones fiscales intergubernamentales - 9. Empresas públicas | ||
| 041 | _aspa | ||
| 942 | _cBK | ||
| 590 | _aniveau_biblio:m niveau_hierar:0 | ||
| 100 | 1 | _aMacon, Jorge | |
| 999 |
_c2683 _d2683 |
||